| 000 | 00542nam a2200193 4500 | ||
|---|---|---|---|
| 003 | OSt | ||
| 005 | 20240703122532.0 | ||
| 008 | 160408b xxu||||| |||| 00| 0 eng d | ||
| 020 | _a0333731913 | ||
| 040 | _c040a | ||
| 082 |
_a338.9 _bRYD 2003 _222 |
||
| 100 |
_aRydin, Yvonne _97687 |
||
| 245 |
_aUrban and environmental planning in the UK/ _cYvonne Rydin |
||
| 260 |
_aHampshire _bMacmillan press _c2003 |
||
| 300 |
_axvi, 383p. ; _bill : _c14 cm |
||
| 504 | _aIncludes index | ||
| 650 |
_aEnvironmentsl planning _97688 |
||
| 942 |
_2ddc _cO_SHELF |
||
| 999 |
_c3441 _d3441 |
||